Word Ladder: Will Ferrell Movie Quiz Stats

 Plays Quiz Updated Oct 9, 2012

Support Sporcle.
Go Orange.
Score 0/11 Timer 01:00
0 Plays Today
Hint 4-Letter Word % Correct
Opposite of firstLAST
92.8%
What holds up the sails on a shipMAST
87%
To stopHALT
83.2%
A musical groupBAND
80.7%
Germinated grain used in brewingMALT
77.9%
The handle of a swordHILT
69.3%
To fasten securelyBIND
57.9%
What this column containsHINT
53.3%
Situated at the backHIND
51.7%
2009 Will Ferrell Movie: [First Rung] of the [Last Rung]LOST
47.6%
2009 Will Ferrell Movie: [First Rung] of the [Last Rung]LAND
47.3%

Today's Daily Dose

You're not logged in!

Compare scores with friends on all Sporcle quizzes.
OR
Log In
Forgot?

From the Vault

MLB American League MVPs (1980s)

by Propellerhead

Sports 4m
If you can ace this entire playlist, then you're the MVP.
Remove Ads.
Support Sporcle.
Get the best of Sporcle when you Go Orange. This ad-free experience offers more features, more stats, and more fun while also helping to support Sporcle. Thank you for becoming a member.

Show Comments

Extras

Top Quizzes Today


Score Distribution

Your Account Isn't Verified!

In order to create a playlist on Sporcle, you need to verify the email address you used during registration. Go to your Sporcle Settings to finish the process.

Report this User

Report this user for behavior that violates our Community Guidelines.

Details: